000 00923nam a22002897a 4500
001 BR9208167
003 BR-BrBNA
005 20230928093658.0
007 ta
008 230509b bl.||||| |||| 00| 0 por d
040 _aBR-BrBNA
_bpor
_cBiblioteca Nacional de Agricultura
041 _a(Por)
072 _aE16; L01
_b5212
090 _ 5212 BR9208167
100 1 _aCampos, C.L.
110 1 _aUniversidade Federal de Vicosa, MG (Brasil)
_0Tese (Magister Scientiae)
245 1 _aAnalise economica de confinamento de bovinos: estudo de caso
260 3 _aVicosa, MG (Brasil):
_c1992.
300 _a94 p.
500 _a25 tables; 33 ref.; Summary (Por). (*) Documento disponível na(o) Universidade Federal de Vicosa, MG (Brazil)
650 _aGADO DE CORTE
650 _aCONFINAMENTO
650 _aANALISE ECONOMICA
650 _aECONOMIA DA PRODUCAO
909 _a202309
_bLucia
_c55
_dLucia Elande
942 _cBK
999 _c46435
_d46435